01044nam a2200301Ia 450000500170000000800410001702000180005810000370007624500690011325000190018230000560020149000160025765000390027365000430031265000410035565000390039665000390043570000380047474000400051294200150055226400260056733600270059333700330062033800280065304000350068108400110071699900150072720220317001018.0160825s2009 ck g 000 0 spa  a97895804220121 aStendhal, Henry Beyled1783-184210aRojo y negrocStendhal ; traducido por Hernando Valencia Goelkel a1a. edición  a590, 75 páginas (En paginación variada)c24 cm  aCara y cruz142LEMBaNovela francesa ySiglo XIX 142LEMBaLiteratura francesa ySiglo XIX 142LEMBaAristocracia en la literatura 142LEMBaAmbición en la literatura 142LEMBaPolítica en al literatura 1 aValencia Goelkel, Hernando964383 aA propósito de Stendhal y su obra 2loccBKLIT aBogotábNormac2009 atextobtxt2rdacontent asin mediaciónbn2rdamedia avolumenbnc2rdacarrier aCO-BoRNBPbspaerdacCO-BoRNBP aN STE3 c5664d5664